00639nam a2200229Ia 4500008004100000020001800041050002000059050001400079100001800093245004300111245005100154250002700205260001900232260002900251260000900280300001600289300002000305300001100325440000800336650002200344650004300366180523s9999 xx 000 0 und d a971-587-001-5 aMAIN HF 5686.C8 b.M38 1990 aMatz, Adolph. 0aCost accounting planning and control / 0cAdolph Matz, Milton F. Usry, Estela P. Macuja. a2nd Philippine Edition aKalookan City: bPhilippine Graphic Arts, c1990 a557 pages : billustrations ; c23 cm. vv.1 aCost accounting.  xCost accounting -- Study and teaching.